00287cam a2200133ua 4500001000400000008003900004040000900043041001200052082001600064100002200080245002200102300001000124653001900134886120619n II |||gr||||Z||||||asm aMAIN aEnglish a891.491 DAS aDAS, BHULA NATH. aSITA HARAN KAYBYA c20CM. aAsomiya Kabita